000 003310000a22001450004500
003 MACL
040 _aMACL
090 _c33872
_d33870
100 _aLewis, Harry R.
245 _aElements of the Theory of Computation
260 _bPearson Education
_c2001
350 _a225
650 _aComputer science
942 _cBOOK
_k004/Lew
999 _c33517
_d33517